<?xml version="1.0" encoding="UTF-8"?>
<record
    xmlns:xsi="http://www.w3.org/2001/XMLSchema-instance"
    xsi:schemaLocation="http://www.loc.gov/MARC21/slim http://www.loc.gov/standards/marcxml/schema/MARC21slim.xsd"
    xmlns="http://www.loc.gov/MARC21/slim">

  <leader>00696nam a22002177a 4500</leader>
  <controlfield tag="003">UA-OsUOA</controlfield>
  <controlfield tag="001"> 39917 </controlfield>
  <controlfield tag="007">ta</controlfield>
  <controlfield tag="008">20080521b un ||||| |||| 00| 0 ukr d</controlfield>
  <datafield tag="090" ind1=" " ind2=" ">
    <subfield code="a">050</subfield>
    <subfield code="b">&#x421;90</subfield>
  </datafield>
  <datafield tag="942" ind1=" " ind2=" ">
    <subfield code="c">MG</subfield>
  </datafield>
  <datafield tag="040" ind1=" " ind2=" ">
    <subfield code="a">UA-OsUOA</subfield>
    <subfield code="b">ukr</subfield>
    <subfield code="c">UA-OsUOA</subfield>
    <subfield code="d">UA-OsUOA</subfield>
  </datafield>
  <datafield tag="245" ind1=" " ind2=" ">
    <subfield code="a">&#x421;&#x443;&#x440;&#x43C;&#x430; (&#x411;&#x44E;&#x43B;&#x435;&#x442;&#x435;&#x43D;&#x44C; &#x41E;&#x440;&#x433;&#x430;&#x43D;&#x456;&#x437;&#x430;&#x446;&#x456;&#x457; &#x423;&#x43A;&#x440;&#x430;&#x457;&#x43D;&#x441;&#x44C;&#x43A;&#x438;&#x445; &#x41D;&#x430;&#x446;&#x456;&#x43E;&#x43D;&#x430;&#x43B;&#x456;&#x441;&#x442;&#x456;&#x432;)</subfield>
  </datafield>
  <datafield tag="955" ind1=" " ind2=" ">
    <subfield code="a">4</subfield>
  </datafield>
  <datafield tag="041" ind1=" " ind2=" ">
    <subfield code="a">ukr</subfield>
  </datafield>
  <datafield tag="080" ind1=" " ind2=" ">
    <subfield code="a">050</subfield>
  </datafield>
  <datafield tag="260" ind1=" " ind2=" ">
    <subfield code="a">&#x41A;&#x438;&#x457;&#x432;</subfield>
  </datafield>
  <datafield tag="310" ind1=" " ind2=" ">
    <subfield code="a">1993: 18</subfield>
  </datafield>
  <datafield tag="650" ind1=" " ind2="7">
    <subfield code="a">050 &#x421;&#x435;&#x440;&#x456;&#x439;&#x43D;&#x456; &#x43F;&#x443;&#x431;&#x43B;&#x456;&#x43A;&#x430;&#x446;&#x456;&#x457;. &#x41F;&#x435;&#x440;&#x456;&#x43E;&#x434;&#x438;&#x43A;&#x430; &#x433;&#x430;&#x43B;&#x443;&#x437;&#x456;, &#x41E;&#x440;&#x433;&#x430;&#x43D;&#x456;&#x437;&#x430;&#x446;&#x456;&#x44F; &#x442;&#x430; &#x456;&#x43D;&#x448;&#x456; &#x442;&#x438;&#x43F;&#x438; &#x43F;&#x43E;&#x454;&#x434;&#x43D;&#x430;&#x43D;&#x43D;&#x44F; (&#x441;&#x43F;&#x456;&#x432;&#x440;&#x43E;&#x431;&#x456;&#x442;&#x43D;&#x438;&#x446;&#x442;&#x432;&#x430;)</subfield>
    <subfield code="2">UDC</subfield>
  </datafield>
  <datafield tag="999" ind1=" " ind2=" ">
    <subfield code="c">438417</subfield>
    <subfield code="d">438417</subfield>
  </datafield>
</record>
